00329pab a2200121 454500008004000000100002200040245004700062260000900109300001000118362000900128650003700137773003300174180718b1984 xxu||||| |||| 00| 0 eng d aJohnson, Chalmers aThe industrial policy debate re - examined c1984 a71-89 aFall aGovernment and Business - U.S.A. aCalifornia Management Review